| 000 | 00374nam a2200157Ia 4500 | ||
|---|---|---|---|
| 003 | OSt | ||
| 005 | 20240203113406.0 | ||
| 008 | 170523s9999 xx 000 0 und d | ||
| 020 | _a978-9350518137 | ||
| 040 | _ciimt university meerut | ||
| 100 | _aSARAVANAVEL- P | ||
| 245 | 0 | _aMANAGEMENT CONTROL SYSTEM | |
| 260 | _bHIMALAYA PUBLICATION | ||
| 260 | _c1994 | ||
| 942 |
_2ddc _c02 |
||
| 999 |
_c267 _d267 |
||